Lana Del Rey songs beginning with letter "F" - Statistics

General Stats
  • This quiz has been taken 115 times
  • The average score is 6 of 8
Answer Stats
Hint Answer % Correct
Ultraviolence Fucked my way up to the top
87%
Ultraviolence Florida kilos
84%
Norman fucking Rockwell Fuck it, I love you
83%
Did you know that there's a tunnel under Ocean Blvd Fishtail
74%
Honeymoon Freak
74%
Did you know that there's a tunnel under Ocean Blvd Fingertips
72%
Chemtrails over the country club For free
62%
Ultraviolence Flipside
43%
No matching quizzes found
Score Distribution
Percent of People with Each Score
Percentile by Number Answered
Your Score History
You have not taken this quiz